| 000 | 00701nam a2200241 a 4500 | ||
|---|---|---|---|
| 001 | 68585 | ||
| 003 | BD-RjUL | ||
| 005 | 20211209081804.0 | ||
| 008 | 891010r19911988it a i000 0 eng | ||
| 020 | _a812040341X | ||
| 035 | _a(BD-RjUL)68795 | ||
| 040 |
_aDLC _cDLC _dDLC _beng |
||
| 041 | 1 |
_aeng _hchi |
|
| 082 | 0 | 0 |
_223 _a634.38 _bRAM 1991 |
| 100 | 1 |
_aRangaswami, G _9203290 |
|
| 245 | 1 | 0 |
_aMulberry cultivation / _cG Rangaswami |
| 260 |
_aNew Delhi : _bOxford and IBH Publising co., _c1988. [reprinted 1991] |
||
| 300 |
_avii, 150 p. : _bill. ; _c30 cm. |
||
| 650 | 0 |
_aMulberry. _9203278 |
|
| 830 |
_aSericulture manual _v1 _9161667 |
||
| 942 |
_2ddc _cBK |
||
| 999 |
_c68585 _d68585 |
||